00517 a2200133 4500003000500000005001700005040000900022082001200031100002600043245004400069260004400113300001400157505021200171Nust20230201131140.0 cNust a940,MON aMoncrieff, A.R. Hope aEuropen history / cA.R. Hope Moncrieff aLondonbThe gresham publication company a256 pages aIntroduction (Page-1), The Welding Of The British Empire (Page-13), Pan Germanism (Page-71), Pan Slavism (Page-93), The Latin Nations (Page-131), The Powers Outside Europe (Page-170), Conclusion (Page-195).